長距離フェリー15航路の港 - Statistics

General Stats
  • This quiz has been taken 9 times
  • The average score is 16 of 22
Answer Stats
Hint Answer % Correct
北海道 小樽
100%
東北 仙台
100%
関東 東京
100%
中部 名古屋
100%
北海道 苫小牧東
89%
北海道 苫小牧西
89%
関東 大洗
89%
中部 新潟
89%
近畿 神戸
89%
九州 大分
89%
東北 秋田
78%
近畿 舞鶴
78%
四国 徳島
78%
関東 横須賀
67%
九州 新門司
67%
九州 別府
67%
九州 宮崎
67%
近畿 大阪南
56%
九州 志布志
56%
中部 敦賀新
33%
近畿 泉大津
33%
近畿 神戸三宮
22%
No matching quizzes found
Score Distribution
Percent of People with Each Score
Percentile by Number Answered
Your Score History
You have not taken this quiz